000 01299nam a2200301 c 4500
003 BLK
005 20180422115215.0
008 180411b bul|||||r ||||||| ||bul||
010 _aKNG00191072000
040 _aBLK
041 _aBUL
_cBUL
080 _aЛатинска (римска) литература
_b821.124
_x-4
_z821.124-4
100 1 _aГелий, Авъл
_eпърви автор
_9310440
700 1 _aАтанасов, Владимир Герчев
_eпрев. от лат.
_9379943
700 1 _aНиколова, Анна Бориславова
_eсъстав.
_9367847
139 _aГелий, Авъл
_bГ 28
245 1 0 _aАтически нощи
_cАвъл Гелий; прев. от лат. Владимир Герчев Атанасов; състав. Анна Бориславова Николова.
257 _aDRR
260 София
_bНаука и изкуство
_c1985
300 _a294 с.
_c19 см
380 _aX
500 _aОриг. загл. Noctes Atticae. - 40 108 тир. - Азб. показалец на имената и ант. понятия / Владимир Атанасов.
852 _aЦб 140614
856 4 _qpdf
_u
856 4 _qpdf
_u
942 _cKNG
_n0
944 _aCR
_c29.09.2016
_kГрета_Цуфелде
944 _aED
_c29.09.2016
_kГрета_Цуфелде
999 _c182149
_d182149